00237nam a2200085Ia 450000100070000000500170000700800410002424500600006526000260012571262720250826162830.0250824s9999 xx 000 0 und d 0aİSLAM VE AVRUPAcORHAN GÖKÇE-GÜLİSE GÖKÇE bÇİZGİ YAYINLARI